01529nam a22003137a 450000100040000000500170000402000150002102000270003602000220006304000230008505000220010808200160013010000250014624500800017125000470025126000350029830000520033349000370038550000540042250500080047652005550048452100200103952100200105965000460107965000330112565000120115865000110117070000340118172020251218113637.0 a0060281715 a0060281723 (lib. bdg.) a0064451968 (pbk.) aDLCcDLCdDLCbeng00aSB363b.B785 200100a583/.732211 aBulla, Clyde Robert.12aA tree is a plant /cby Clyde Robert Bulla ; illustrated by Stacey Schuett. aFirst Scholastic printing, September 2002  aNew York :bScholastic,c2002. a35 pages :bcolor illustratios ;c21 x 25 cm. aLet's read and find out science  aOriginally published: New York : Crowell, [1960]. aG  aA tree is the biggest plant that grows. Trees can live for a very long time, and they are alive all year long, even when they look dead in winter. In this newly illustrated book, you will learn how a tree grows and how it gets food and water. You can also find out what happens to water after it travels through a tree's roots, branches, and leaves, and how to figure out a tree's age. Clyde Robert Bulla's simple and concise text and Stacey Schuett's lush illustrations follow a tree's continuous life cycle through spring, summer, winter, and fall. a420 bLexile  aG bRaz-Plus  0aApplesxLife cyclesvJuvenile literature. 0aApplesvJuvenile literature. 1aApples. 1aTrees.1 aSchuett, Stacey,eillustrator